Trasa Warszawskiej linii autobusowej 414 - Statystyki

Ogólne statystyki
  • Ten quiz został rozwiązany 17 razy
  • Średni wynik to 16 z 28
Statystyki odpowiedzi
Dzielnica Przystanek % Poprawnych
Targówek Bródno-Podgrodzie
86%
Targówek Bródno-Podgrodzie
86%
Włochy Instalatorów
71%
Włochy Instalatorów
71%
Wola Metro Młynów
71%
Żoliborz Osiedle Potok
71%
Żoliborz Park Kaskada
71%
Bielany / Żoliborz Park Olszyna
71%
Wola PKP Koło
71%
Wola PKP Wola (Kasprzaka)
71%
Wola PKP Wola (Wolska)
71%
Ochota Rondo Zesłańców Syberyjskich
71%
Ochota Korotyńskiego
57%
Targówek Łojewska
57%
Ochota / Włochy PKP Rakowiec
57%
Ochota Szczęśliwicka
57%
Targówek Szpital Bródnowski
57%
Targówek Bazyliańska
43%
Ochota Bitwy Warszawskiej 1920r.
43%
Targówek Chodecka
43%
Ochota Dickensa
43%
Ochota Grójecka
43%
Włochy Instalatorów-KAM
43%
Praga-Północ PKP Toruńska
43%
Włochy Rakowska
43%
Białołęka / Praga-Północ Żerań FSO
43%
Targówek Bartnicza
29%
Targówek Rembielińska
29%
Nie znaleziono quizów pasujących do podanych kryteriów
Rozkład punktacji
Procent ludzi z każdym wynikiem
Percentyl według liczby udzielonych odpowiedzi
Twoja historia wyników
Nie rozwiązałeś tego quizu